[Event "Montevideo Duchamp Cup 5th"]
[Site "Montevideo"]
[Date "2022.02.13"]
[Round "2"]
[White "Areeb, Jazy"]
[Black "Riera, Pablo"]
[Result "1-0"]
[WhiteElo "1665"]
[BlackElo "1359"]
[PlyCount "83"]
[EventDate "2022.02.12"]
[EventType "swiss"]
[EventRounds "9"]
[EventCountry "URU"]
[SourceTitle "CBM 206 Extra"]
[Source "ChessBase"]
[SourceDate "2022.03.31"]
[SourceVersion "1"]
[SourceVersionDate "2022.03.31"]
[SourceQuality "1"]

1. e4 c6 2. d4 d5 3. exd5 cxd5 4. Nf3 Nf6 5. Bd3 Bg4 6. Be3 e6 7. 0-0 Bd6 8. Nbd2 0-0 9. h3 Bh5 10. c3 Nc6 11. Qc2 Rc8 12. a3 Qc7 13. Bg5 Bg6 14. Rfe1 Bf4 15. Bxf4 Qxf4 16. Bxg6 hxg6 17. Qd3 Rfe8 18. Ne5 Red8 19. Ndf3 Ne4 20. Re2 Ne7 21. g3 Qf5 22. Kg2 f6 23. Ng4 Kf7 24. Rae1 Rh8 25. Nd2 Qh5 26. Rh1 f5 27. Ne5+ Kf6 28. Nxe4+ dxe4 29. Qd2 Nc6 30. f3 Nxe5 31. dxe5+ Ke7 32. Qd6+ Ke8 33. Qxe6+ Kf8 34. Qxc8+ Kf7 35. Qxb7+ Kf8 36. Qc8+ Kf7 37. Qc4+ Ke7 38. fxe4 Re8 39. Qd3 Rd8 40. Qf3 Qxf3+ 41. Kxf3 fxe4+ 42. Kxe4 1-0

[Event "Montevideo Duchamp Cup 3rd"]
[Site "Montevideo"]
[Date "2019.02.14"]
[Round "7"]
[White "Pelaez, Diego"]
[Black "Riera, Pablo"]
[Result "1-0"]
[WhiteElo "1672"]
[BlackElo "1441"]
[PlyCount "55"]
[EventDate "2019.02.09"]
[EventType "swiss"]
[EventRounds "9"]
[EventCountry "URU"]
[SourceTitle "CBM 189 Extra"]
[Source "ChessBase"]
[SourceDate "2019.06.03"]
[SourceVersion "1"]
[SourceVersionDate "2019.06.03"]
[SourceQuality "1"]

1. d4 c6 2. c4 d5 3. Nf3 Bf5 4. Nc3 e6 5. a3 Nf6 6. Bg5 Nbd7 7. e3 h6 8. Bh4 Be7 9. Bd3 Bxd3 10. Qxd3 0-0 11. 0-0 dxc4 12. Qxc4 Nb6 13. Qe2 Nbd5 14. Bg3 Nxc3 15. bxc3 Bd6 16. Ne5 Qe7 17. a4 Nd7 18. f4 Nxe5 19. fxe5 Bc7 20. Qg4 Qg5 21. Qe2 c5 22. Bf4 Qe7 23. Qg4 Kh8 24. Bxh6 gxh6 25. Rf6 Kh7 26. Qh5 Rh8 27. Rxf7+ Qxf7 28. Qxf7# 1-0

[Event "Montevideo Duchamp Cup 3rd"]
[Site "Montevideo"]
[Date "2019.02.13"]
[Round "6"]
[White "Lanzilotta, Filippo"]
[Black "Riera, Pablo"]
[Result "0-1"]
[WhiteElo "1171"]
[BlackElo "1441"]
[PlyCount "72"]
[EventDate "2019.02.09"]
[EventType "swiss"]
[EventRounds "9"]
[EventCountry "URU"]
[SourceTitle "CBM 188 Extra"]
[Source "ChessBase"]
[SourceDate "2019.02.26"]
[SourceVersion "1"]
[SourceVersionDate "2019.02.26"]
[SourceQuality "1"]

1. e4 c6 2. Nf3 d5 3. exd5 cxd5 4. d4 Bg4 5. Bb5+ Nc6 6. h3 Bxf3 7. Qxf3 e6 8. 0-0 Qb6 9. Bxc6+ bxc6 10. Qb3 Rb8 11. Qxb6 Rxb6 12. Nc3 g6 13. Rb1 Bg7 14. Be3 Ne7 15. Na4 Rb4 16. b3 Nf5 17. c3 Rb8 18. Bf4 Rc8 19. g4 Nh4 20. f3 0-0 21. Bg3 g5 22. f4 h6 23. fxg5 hxg5 24. Bd6 Rfe8 25. Rbe1 Ng6 26. Bc5 Nf4 27. Rf3 e5 28. Bxa7 exd4 29. Rxe8+ Rxe8 30. Bxd4 Ne2+ 31. Kf2 Nxd4 32. cxd4 Bxd4+ 33. Kg3 Re2 34. Rd3 Be5+ 35. Kf3 Rxa2 36. Nc3 Rh2 0-1

[Event "Montevideo Duchamp Cup 3rd"]
[Site "Montevideo"]
[Date "2019.02.10"]
[Round "2"]
[White "Martinez, Carlos1111"]
[Black "Riera, Pablo"]
[Result "1-0"]
[WhiteElo "1747"]
[BlackElo "1441"]
[PlyCount "65"]
[EventDate "2019.02.09"]
[EventType "swiss"]
[EventRounds "9"]
[EventCountry "URU"]
[SourceTitle "CBM 188 Extra"]
[Source "ChessBase"]
[SourceDate "2019.02.26"]
[SourceVersion "1"]
[SourceVersionDate "2019.02.26"]
[SourceQuality "1"]

1. e4 c6 2. d4 d5 3. Nc3 dxe4 4. Nxe4 Bf5 5. Ng3 Bg6 6. Nf3 Nd7 7. Bd3 Bxd3 8. Qxd3 e6 9. 0-0 Qc7 10. c4 Ngf6 11. Re1 0-0-0 12. Rb1 e5 13. dxe5 Nxe5 14. Qf5+ Ned7 15. Ng5 g6 16. Qh3 Qa5 17. Bf4 Bb4 18. Red1 Rhf8 19. N5e4 Nxe4 20. Nxe4 f5 21. Ng5 Nf6 22. a3 Rxd1+ 23. Rxd1 Rd8 24. Qb3 Bd6 25. Nf7 Bxf4 26. Rxd8+ Kc7 27. Qd1 Qc5 28. Rc8+ Kb6 29. Qd8+ Ka6 30. b4 Bxh2+ 31. Kh1 Qb6 32. Qxb6+ Kxb6 33. Kxh2 1-0

[Event "Montevideo Trebejos op 03"]
[Site "Montevideo"]
[Date "2017.03.06"]
[Round "1"]
[White "Milans, Carlos"]
[Black "Riera, Pablo"]
[Result "1-0"]
[WhiteElo "1881"]
[BlackElo "1465"]
[PlyCount "39"]
[EventDate "2017.03.06"]
[EventType "swiss"]
[EventRounds "7"]
[EventCountry "URU"]
[SourceTitle "CBM 177 Extra"]
[Source "ChessBase"]
[SourceDate "2017.04.27"]
[SourceVersion "1"]
[SourceVersionDate "2017.04.27"]
[SourceQuality "1"]

1. Nf3 d5 2. g3 c5 3. c4 e6 4. Bg2 Nc6 5. 0-0 g6 6. cxd5 exd5 7. d4 cxd4 8. Nxd4 Bg7 9. Be3 Qf6 10. Nc3 Nxd4 11. Nxd5 Nxe2+ 12. Qxe2 Qxb2 13. Bd2+ Kd8 14. Bg5+ Kd7 15. Qc4 Qxa1 16. Rxa1 Bxa1 17. Qa4+ Kd6 18. Qd1 Bg7 19. Ne7+ Ke6 20. Qd5# 1-0